000 00580cam a2200229 4500
001 1764296
005 20180824030751.0
008 710607s1971 paua b 001 0 eng
010 _a 76135679
020 _a0812103335
040 _aDLC
_cDLC
_dDLC
041 _aeng
080 _a616
082 0 0 _a616
100 1 _a7
101 _aNEU
240 1 0 _aIntroduction to medical science
245 1 3 _aAn introduction to the study of disease.
504 _aIncludes bibliographical references.
906 _a7
_bcbc
_corignew
_d2
_encip
_f19
_gy-gencatlg
942 _2ddc
_cBK
999 _c47303
_d47303